| 000 | 00558nam a22001817a 4500 | ||
|---|---|---|---|
| 003 | OSt | ||
| 005 | 20250822012056.0 | ||
| 008 | 250822b |||||||| |||| 00| 0 eng d | ||
| 020 | _a81-8061-120-5. | ||
| 040 | _cOC | ||
| 082 | _aCirc. 613.2 In41n 2003 | ||
| 100 | _aIndrani, T.K. | ||
| 245 | _aNursing manual of nutrition and therapeutic diet | ||
| 260 |
_aNew Delhi : _bJaypee Brothers, _cc2003. |
||
| 300 |
_a365 pages ; _c 21 cm. |
||
| 650 | _2Nutrition. | ||
| 942 |
_2ddc _cBK-CIRC _hCirc. 613.2 In41n 2003 _kCirc. _n0 |
||
| 999 |
_c4127 _d4127 |
||